Tydelik is vir ewig / (Record no. 790255)

MARC details
000 -LEADER
fixed length control field 00537nam a22001817b 4500
003 - CONTROL NUMBER IDENTIFIER
control field 3228
005 - DATE AND TIME OF LATEST TRANSACTION
control field 20251204130633.0
008 - FIXED-LENGTH DATA ELEMENTS--GENERAL INFORMATION
fixed length control field 251204b sa ||||e |||| 00| 1 AFR d
020 ## - INTERNATIONAL STANDARD BOOK NUMBER
International Standard Book Number 0628002017 (hardback)
040 ## - CATALOGING SOURCE
Original cataloging agency MPL
Language of cataloging eng
Transcribing agency 3228
Description conventions Resource Description and Access
041 ## - LANGUAGE CODE
Language code of text/sound track or separate title Afrikaans
082 #0 - DEWEY DECIMAL CLASSIFICATION NUMBER
Classification number AF PRET
100 ## - MAIN ENTRY--PERSONAL NAME
9 (RLIN) 196089
Personal name Pretorius, Rein
Relator term author
245 ## - TITLE STATEMENT
Title Tydelik is vir ewig /
Statement of responsibility, etc. Rein Pretorius + Cover jacket: D Havinga
260 ## - PUBLICATION, DISTRIBUTION, ETC.
Place of publication, distribution, etc. Johannesburg
Name of publisher, distributor, etc. Voortrekker-boekklub
Date of publication, distribution, etc. © 1972
300 ## - PHYSICAL DESCRIPTION
Extent 202 Pages :
Other physical details jacket ;
Dimensions 18 cm
942 ## - ADDED ENTRY ELEMENTS
Source of classification or shelving scheme Dewey Decimal Classification
item type Books
-- 245
-- Izakina Blanche
-- 245
-- Izakina Blanche
Holdings
Withdrawn status Lost status Source of classification or shelving scheme Damaged status Not for loan Collection code Home library Current library Shelving location Date acquired Total Checkouts Full call number Barcode Date last seen Price effective from item type Public note
    Dewey Decimal Classification     Fiction Middelburg Regional Library Jeremiah Madonsela Public Library Fiction 04.12.2025   AF PRET 33228018354173 04.12.2025 04.12.2025 Books 3611936